| 000 | 00531ntaaa2200193 4500 | ||
|---|---|---|---|
| 003 | 01 | ||
| 005 | 20251027202903.0 | ||
| 008 | 0714s1973 ag 01 | ||
| 040 |
_aAR-BaBN _bspa _cAR-BaBN _eaacr _dRIC |
||
| 082 | _a269.8000 C16 | ||
| 100 |
_aCanclini, Santiago _91475 |
||
| 245 | _aAurora de una nueva vida | ||
| 250 | _a1 ed. | ||
| 260 |
_aEl Paso : _bCasa Bautista de Publicaciones, _c1966 |
||
| 300 | _a30 p | ||
| 650 |
_aevangelización-nuevos creyentes _96203 |
||
| 650 |
_aconservación-nuevos creyentes _929328 |
||
| 942 | _cBK | ||
| 999 |
_c24179 _d24179 |
||